00702cam a22002173a 45000010005000000030006000050050017000110080041000280400015000690420007000840500007000912450109000982600029002075060073002365160020003096530018003296530034003477000034003818300028004158560041004439510PGUSA20140828083213.0051201s2005||||xxu|||||s|||||000 | eng d aPGUSAbeng adc 4aPS14aThe Lock and Key Library :bThe Most Interesting Stories of All Nations: Americanh[electronic resource] bProject Gutenberg,c2005 aCopyrighted. Read the copyright notice inside this book for details. aElectronic text aShort stories aDetective and mystery stories1 aHawthorne, Julian,d1846-1934 0aProject Gutenbergv951040uhttp://www.gutenberg.org/ebooks/9510